000 00764nam a2200229 4500
001 143940
003 ES-MaACL
005 20230906200918.0
007 t|
008 070214s1986 sp r ||||1| spa d
020 _a84-7509-385-X
100 1 _aShertzer, Bruce.
_9106111
245 1 0 _aManual para el asesoramiento psicológico
_b: (counseling) /
_cBruce Shertzer, Shelley Stone ; traducción de Carlos Eduardo Saltzmann.
260 _aBarcelona :
_bPaidos,
_c1986.
300 _a691 p. ;
_c22 cm.
490 1 _aGrupos e instituciones ;
_v11
700 1 _aStone, Shelley.
_9108312
700 1 _aSaltzmann, Carlos Eduardo.
_9102048
830 0 _aGrupos e instituciones ;
_v11
_9187318
852 _aES-MaACL
_jL-11657
_bR.112082
999 _c143940
_d143940